States by Population (In Order) - Statistics

General Stats
  • This quiz has been taken 32 times
  • The average score is 24 of 50
Answer Stats
Population State % Correct
39,536,653 California
100%
20,984,400 Florida
100%
19,849,399 New York
100%
12,805,537 Pennsylvania
100%
28,304,596 Texas
100%
10,429,379 Georgia
94%
12,802,023 Illinois
94%
10,273,419 North Carolina
94%
11,658,609 Ohio
94%
9,962,311 Michigan
81%
8,470,020 Virginia
81%
9,005,644 New Jersey
75%
7,405,743 Washington
69%
6,859,819 Massachusetts
63%
7,016,270 Arizona
56%
6,666,818 Indiana
56%
6,113,532 Missouri
50%
6,715,984 Tennessee
50%
5,795,483 Wisconsin
50%
579,315 Wyoming
50%
6,052,177 Maryland
44%
623,657 Vermont
44%
739,795 Alaska
38%
1,427,538 Hawaii
38%
1,335,907 Maine
38%
5,576,606 Minnesota
38%
869,666 South Dakota
38%
5,607,154 Colorado
31%
3,145,711 Iowa
31%
1,050,493 Montana
31%
1,342,795 New Hampshire
31%
755,393 North Dakota
31%
1,059,639 Rhode Island
31%
1,815,857 West Virginia
31%
3,004,279 Arkansas
25%
3,588,184 Connecticut
25%
961,939 Delaware
25%
1,716,943 Idaho
25%
2,913,123 Kansas
25%
4,454,189 Kentucky
25%
2,088,070 New Mexico
25%
3,930,864 Oklahoma
25%
4,142,776 Oregon
25%
5,024,369 South Carolina
25%
4,874,747 Alabama
19%
4,684,333 Louisiana
19%
1,920,076 Nebraska
19%
2,998,039 Nevada
19%
3,101,833 Utah
19%
2,984,100 Mississippi
13%
No matching quizzes found
Score Distribution
Percent of People with Each Score
Percentile by Number Answered
Your Score History
You have not taken this quiz